00415nam a22000977a 4500008004100000050001300041245016200054260005600216300001700272700002800289160907b xxu||||| |||| 00| 0 eng d a124/2008 aEffects of a Healthy and a Safe Work Environment on Employee Motivation and Job Satisfaction : A Case Stduy of Nestle Ghana Limited.cAmponsah Nyarkoa Adjoa  aAccra:bWisconsin International University, c2008. aVarious pgs. aAmponsah Nyarkoa Adjoa